MARC details
| 000 -CABECERA |
| campo de control de longitud fija |
01641nam a2200277 a 4500 |
| 001 - NÚMERO DE CONTROL |
| campo de control |
000001825 |
| 005 - FECHA Y HORA DE LA ÚLTIMA TRANSACCIÓN |
| campo de control |
20200929145722.0 |
| 008 - DATOS DE LONGITUD FIJA--INFORMACIÓN GENERAL |
| campo de control de longitud fija |
090629s2002 es a 001 0 spa d |
| 020 ## - NÚMERO INTERNACIONAL ESTÁNDAR DEL LIBRO |
| Número Internacional Estándar del Libro |
8445411519 |
| 040 ## - FUENTE DE LA CATALOGACIÓN |
| Centro catalogador/agencia de origen |
DO-SdBNP |
| Lengua de catalogación |
spa |
| Centro/agencia transcriptor |
BNPHU |
| 082 ## - NÚMERO DE LA CLASIFICACIÓN DECIMAL DEWEY |
| Número de clasificación |
346.07 |
| Número de documento/Ítem |
E77L |
| 110 2# - ENTRADA PRINCIPAL--NOMBRE DE ENTIDAD CORPORATIVA |
| Nombre de entidad corporativa o nombre de jurisdicción como elemento de entrada |
España. |
| 9 (RLIN) |
4524 |
| 240 12 - TÍTULO UNIFORME |
| Título uniforme |
[Leyes, etc.] |
| 245 10 - MENCIÓN DE TÍTULO |
| Título |
Legislación básica mercantil : |
| Resto del título |
actualizada a septiembre de 2002. |
| 260 ## - PUBLICACIÓN, DISTRIBUCIÓN, ETC. |
| Lugar de publicación, distribución, etc. |
Madrid : |
| Nombre del editor, distribuidor, etc. |
Centro de Estudios Financieros, |
| Fecha de publicación, distribución, etc. |
2002. |
| 300 ## - DESCRIPCIÓN FÍSICA |
| Extensión |
341 p. : |
| Otras características físicas |
il. ; |
| Dimensiones |
24 cm. |
| 490 1# - MENCIÓN DE SERIE |
| Mención de serie |
NORMATIVA |
| 505 0# - NOTA DE CONTENIDO CON FORMATO |
| Información miscelánea |
Normas generales: |
| Título |
Código de comercio (incluye los preceptos vigentes del código de Comercio de 1829) -- |
| -- |
Reglamento de Registro Mercantil (incluye los preceptos vigentes del Reglamento aprobado por D. de 14 de diciembre de 1956) -- |
| Información miscelánea |
Sociedades: |
| Título |
Texto refundido de la Ley de Sociedades Anónimas (incluye el RD. 821/1991, de 17 de mayo, por el que se desarrolla el artículo 137 del Texto Refundido de la ley de Sociedades Anónimas en materia de nombramiento de miembros del Consejo de Administración por el sistema proporcional) -- |
| -- |
Ley de Sociedades de Responsabilidad Limitada (Ley 2/1995, de 23 de marzo) -- |
| Información miscelánea |
Títulos valores: |
| Título |
Ley cambiaria y del cheque (Ley 19/1985, de 16 de julio) -- |
| Información miscelánea |
Índice analítico. |
| 650 #4 - PUNTO DE ACCESO ADICIONAL DE MATERIA--TÉRMINO DE MATERIA |
| Término de materia o nombre geográfico como elemento de entrada |
Derecho comercial |
| Subdivisión geográfica |
España |
| 9 (RLIN) |
5939 |
| 650 #4 - PUNTO DE ACCESO ADICIONAL DE MATERIA--TÉRMINO DE MATERIA |
| Término de materia o nombre geográfico como elemento de entrada |
Derecho comercial |
| Subdivisión general |
Legislación |
| 9 (RLIN) |
5940 |
| 650 #4 - PUNTO DE ACCESO ADICIONAL DE MATERIA--TÉRMINO DE MATERIA |
| Término de materia o nombre geográfico como elemento de entrada |
Sociedades comerciales |
| Subdivisión general |
Legislación |
| 9 (RLIN) |
5941 |
| 650 #4 - PUNTO DE ACCESO ADICIONAL DE MATERIA--TÉRMINO DE MATERIA |
| Término de materia o nombre geográfico como elemento de entrada |
Acción cambiaria |
| Subdivisión general |
Legislación |
| 9 (RLIN) |
5942 |
| 710 2# - PUNTO DE ACCESO ADICIONAL--NOMBRE DE ENTIDAD CORPORATIVA |
| Nombre de entidad corporativa o nombre de jurisdicción como elemento de entrada |
Centro de Estudios Financieros. |
| Unidad subordinada |
Gabinete Jurídico (España) |
| 9 (RLIN) |
5943 |
| 830 #0 - PUNTO DE ACCESO ADICIONAL DE SERIE-TÍTULO UNIFORME |
| Título uniforme |
NORMATIVA |
| 9 (RLIN) |
5944 |
| 910 ## - DATOS DE OPCIÓN DEL USUARIO (OCLC) |
| Datos de opción del usuario |
Validado. Control de calidad EMS |